| 000 | 00674nam a22002177a 4500 | ||
|---|---|---|---|
| 003 | OSt | ||
| 005 | 20210301112742.0 | ||
| 008 | 210301s1981 mx a|||gr|||| 00| 0 spa d | ||
| 020 | _a9684191715 | ||
| 040 |
_aCO-JMCR _cCO-JMCR |
||
| 082 | 0 | 4 |
_a972 / _bR615C _223 |
| 100 | 1 |
_aRius, _eautor _914134 |
|
| 245 | 1 | 0 |
_aCuba para principiantes / _cRius |
| 250 | _aSéptima edición | ||
| 260 |
_aMéxico : _bGrijalbo, _c1981 |
||
| 300 |
_a157 páginas : _bilustraciones en blanco y negro ; _c22 cm. |
||
| 500 | _aContiene datos biográficos del autor en tapa posterior. | ||
| 650 | 1 | 4 |
_aHistoria Cubana _914126 |
| 650 | 1 | 4 |
_aHechos históricos _zCuba _914135 |
| 942 |
_2ddc _cBK |
||
| 999 |
_c7382 _d7382 |
||